| 000 | 00534nam a22001697a 4500 | ||
|---|---|---|---|
| 005 | 20170508145548.0 | ||
| 010 | _aENG-118067 | ||
| 020 |
_a8181770781 _c996.00 |
||
| 035 | _aEN-101599 | ||
| 037 | _bDBAD/PUB | ||
| 082 | _a581.95413 | ||
| 245 |
_aFlora of Uttar Pradesh/ _cedited by K.P. Singh, K.K. Khanna [and] G.P. Sinha |
||
| 260 |
_aKolkata _bBotanical Survey of India _c2016 |
||
| 300 |
_axi, 674p. _bill, col. photos _c23cm.(Hb) |
||
| 505 | _av.1--Ranunculaceae-apiaceae | ||
| 942 |
_2ddc _cEN _h581.95413 _mFLO |
||
| 999 |
_c139593 _d139593 |
||